000 01043nam a2200241Ia 4500
003 OSt
005 20201013121720.0
008 191128s2002 ck gr 000 0 spa d
020 _a9580470049
040 _aCO-JMCR
_cCO-JMCR
041 0 _aspa
082 0 4 _a658.3145 /
_bB639e
_223
100 1 _aBlanchard, Kenneth H.,
_eautor
_911386
245 1 0 _aEmpowerment :
_btres claves para que el proceso de facultar a los empleados funcione en su empresa /
_cBlanchard, Kenneth H.
260 _aBogotá :
_bETB,
_c2002.
300 _a94 páginas
_c21 cm.
490 0 _aVida práctica de El Espectador
505 0 _aPrefacio -- el reto -- el gerente que da facultades -- el país de las facultades -- la primera clave : compartir información con todos -- la segunda clave : Compartir información con todos -- la tercera clave: Remplazar la jerarquía con equipos autodirig
650 2 4 _aAptitud de mando
_9165
650 2 4 _aDelegación de autoridad
_911387
650 2 4 _aComunicación en administración de personal
_911388
942 _2ddc
_cBK
999 _c3658
_d3658